Statistics for US State Rankings (Hard Mode)

Click here to take the quiz!

General Stats

  • This quiz has been taken 16 times
  • The average score is 52 of 260

Answer Stats

RankAnswer% Correct
1California
93%
3Florida
86%
4New York
86%
2Texas
86%
6Illinois
71%
7Ohio
71%
5Pennsylvania
71%
29Connecticut
64%
8Georgia
64%
9North Carolina
64%
1Washington DC
64%
24Alabama
57%
49Alaska
57%
14Arizona
57%
33Arkansas
57%
21Colorado
57%
46Delaware
57%
41Hawaii
57%
40Idaho
57%
17Indiana
57%
31Iowa
57%
36Kansas
57%
26Kentucky
57%
25Louisiana
57%
43Maine
57%
19Maryland
57%
15Massachuesetts
57%
10Michigan
57%
22Minnesota
57%
34Mississippi
57%
18Missouri
57%
45Montana
57%
38Nebraska
57%
35Nevada
57%
42New Hampshire
57%
11New Jersey
57%
37New Mexico
57%
48North Dakota
57%
28Oklahoma
57%
27Oregon
57%
1Puerto Rico
57%
30Puerto Rico
57%
44Rhode Island
57%
23South Carolina
57%
16Tennessee
57%
32Utah
57%
51Vermont
57%
12Virginia
57%
13Washington
57%
2Washington DC
57%
50Washington DC
57%
39West Virginia
57%
20Wisconsin
57%
52Wyoming
57%
52Puerto Rico
50%
6Puerto Rico
50%
47South Dakota
50%
51Washington DC
50%
5Connecticut
36%
N/APuerto Rico
36%
N/AWashington DC
36%
49Arkansas
29%
1Maine
29%
2Maryland
29%
4Massachusetts
29%
51Mississippi
29%
3New Hampshire
29%
3New Jersey
29%
52Utah
29%
2Vermont
29%
50West Virginia
29%
47Alabama
21%
14Alaska
21%
50Alaska
21%
31Arizona
21%
18California
21%
9Colorado
21%
5Florida
21%
40Florida
21%
33Georgia
21%
11Hawaii
21%
43Idaho
21%
16Illinois
21%
34Indiana
21%
23Iowa
21%
28Kansas
21%
45Kentucky
21%
46Louisiana
21%
35Maine
21%
36Michigan
21%
7Minnesota
21%
37Missouri
21%
39Montana
21%
20Nebraska
21%
27Nevada
21%
48New Mexico
21%
13New York
21%
12North Dakota
21%
32Ohio
21%
17Ohio
21%
42Oklahoma
21%
25Oregon
21%
24Pennsylvania
21%
17Rhode Island
21%
44South Carolina
21%
26South Dakota
21%
41Tennessee
21%
30Texas
21%
49Texas
21%
29Utah
21%
22Vermont
21%
10Virginia
21%
6Washington
21%
19Wisconsin
21%
21Wyoming
21%
9Alabama
14%
46California
14%
43Colorado
14%
7Connecticut
14%
15Delaware
14%
42Georgia
14%
47Idaho
14%
3Louisiana
14%
8New Hampshire
14%
38North Carolina
14%
44Oklahoma
14%
2Alaska
7%
13Arizona
7%
37Arizona
7%
5Arkansas
7%
7California
7%
44Connecticut
7%
9Delaware
7%
20Georgia
7%
10Hawaii
7%
19Hawaii
7%
48Idaho
7%
36Iowa
7%
28Iowa
7%
21Kentucky
7%
10Maryland
7%
26Maryland
7%
13Michigan
7%
35Michigan
7%
21Mississippi
7%
8Missouri
7%
52Nebraska
7%
4Nevada
7%
16Nevada
7%
46New Hampshire
7%
1New Mexico
7%
27Ohio
7%
6Oklahoma
7%
18Oregon
7%
8Pennsylvania
7%
4South Carolina
7%
7Tennessee
7%
25Utah
7%
51Utah
7%
42Vermont
7%
35Washington
7%
4West Virginia
7%
20Alabama
0%
40Alabama
0%
5Alaska
0%
33Arizona
0%
37Arkansas
0%
30Arkansas
0%
17California
0%
12Colorado
0%
25Colorado
0%
11Conneticut
0%
12Delaware
0%
22Delaware
0%
35Florida
0%
24Florida
0%
36Georgia
0%
21Hawaii
0%
44Idaho
0%
29Illinois
0%
8Illinois
0%
31Illinois
0%
28Indiana
0%
50Indiana
0%
36Indiana
0%
32Iowa
0%
48Kansas
0%
19Kansas
0%
41Kansas
0%
34Kentucky
0%
22Kentucky
0%
19Louisiana
0%
40Louisiana
0%
50Maine
0%
27Maine
0%
25Maryland
0%
15Massachusetts
0%
15Massachusetts
0%
46Massachusetts
0%
14Michigan
0%
30Minnesota
0%
32Minnesota
0%
47Minnesota
0%
38Mississippi
0%
18Mississippi
0%
26Missouri
0%
26Missouri
0%
12Montana
0%
49Montana
0%
23Montana
0%
45Nebraska
0%
29Nebraska
0%
31Nevada
0%
49New Hampshire
0%
17New Jersey
0%
47New Jersey
0%
11New Jersey
0%
33New Mexico
0%
3New Mexico
0%
22New York
0%
43New York
0%
9New York
0%
18North Carolina
0%
28North Carolina
0%
24North Catolina
0%
39North Dakota
0%
48North Dakota
0%
32North Dakota
0%
20Ohio
0%
43Oklahoma
0%
11Oregon
0%
23Oregon
0%
42Pennsylvania
0%
6Pennsylvania
0%
41Rhode Island
0%
10Rhode Island
0%
31Rhode Island
0%
16South Carolina
0%
30South Carolina
0%
45South Dakota
0%
33South Dakota
0%
39South Dakota
0%
23Tennessee
0%
34Tennessee
0%
13Texas
0%
15Texas
0%
45Vermont
0%
38Virginia
0%
38Virginia
0%
27Virginia
0%
14Washington
0%
16Washington
0%
37West Virginia
0%
24West Virginia
0%
40Wisconsin
0%
14Wisconsin
0%
41Wisconsin
0%
39Wyoming
0%
29Wyoming
0%
34Wyoming
0%

Score Distribution

Percentile by Number Answered

Percent of People with Each Score

Your Score History

You have not taken this quiz